Statistics for Colorado Rivers Map Quiz

Click here to take the quiz!

General Stats

  • This quiz has been taken 30 times
  • The average score is 7 of 14

Answers on the Map

Answers color-coded by a green-red scale on the quiz's map according to % correct below.
Loading ...
 

Answer Stats

Answer% Correct
Colorado River
76%
South Platte River
67%
Arkansas River
67%
Rio Grande
57%
Gunnison River
52%
Cache la Poudre River
48%
Big Sandy Creek
43%
Cherry Creek
43%
Purgatoire River
33%
Arikaree River
33%
Yampa River
33%
White River
33%
Dolores River
33%
Animas River
33%

Score Distribution

Percentile by Number Answered

Percent of People with Each Score

Your Score History

You have not taken this quiz